Applying cultural anthropology : (Record no. 468)
[ view plain ]
| 000 -LEADER | |
|---|---|
| fixed length control field | 00664nam a22002177a 4500 |
| 005 - DATE AND TIME OF LATEST TRANSACTION | |
| control field | 20140527061049.0 |
| 008 - FIXED-LENGTH DATA ELEMENTS--GENERAL INFORMATION | |
| fixed length control field | 000419s2001 caub b 001 0 eng |
| 020 ## - INTERNATIONAL STANDARD BOOK NUMBER | |
| International Standard Book Number | 0767418379 |
| 024 #0 - OTHER STANDARD IDENTIFIER | |
| Terms of availability | eng |
| 080 ## - UNIVERSAL DECIMAL CLASSIFICATION NUMBER | |
| Universal Decimal Classification number | 572 |
| 245 00 - TITLE STATEMENT | |
| Title | Applying cultural anthropology : |
| Statement of responsibility, etc | [edited by] Aaron Podolefsky, Peter J. Brown. |
| 250 ## - | |
| -- | 5th ed. |
| 260 ## - | |
| -- | Mountain View, Calif. : |
| -- | Mayfield Pub. Co., |
| -- | 2001. |
| 300 ## - | |
| -- | 316 f. : |
| -- | map ; |
| -- | 28 cm. |
| 504 ## - BIBLIOGRAPHY, ETC. NOTE | |
| Bibliography, etc | Includes bibliographical references and index. |
| 650 #0 - | |
| -- | Antropologjia |
| 650 #0 - | |
| -- | Etnologjia |
| 700 1# - | |
| -- | Podolefsky, Aaron. |
| 700 1# - | |
| -- | Brown, Peter J. |
| 942 ## - ADDED ENTRY ELEMENTS (KOHA) | |
| Source of classification or shelving scheme | |
| Item type | Books |
| Withdrawn status | Lost status | Source of classification or shelving scheme | Damaged status | Not for loan | Collection code | Permanent location | Current location | Shelving location | Date acquired | Total Checkouts | Full call number | Barcode | Date last seen | Koha item type |
|---|---|---|---|---|---|---|---|---|---|---|---|---|---|---|
| Koleksioni i përgjithshem | UBT - Ferizaj | UBT - Ferizaj | Koleksioni i përgjithshem | 05/27/2014 | 572 APP | 003000441 | 05/27/2014 | Books | ||||||
| Koleksioni i përgjithshem | UBT - Ferizaj | UBT - Ferizaj | Koleksioni i përgjithshem | 05/27/2014 | 572 APP | 003000442 | 05/27/2014 | Books | ||||||
| Koleksioni i përgjithshem | UBT - Ferizaj | UBT - Ferizaj | Koleksioni i përgjithshem | 05/27/2014 | 572 APP | 003000443 | 05/27/2014 | Books | ||||||
| Koleksioni i përgjithshem | UBT - Ferizaj | UBT - Ferizaj | Koleksioni i përgjithshem | 05/27/2014 | 572 APP | 003000444 | 05/27/2014 | Books | ||||||
| Koleksioni i përgjithshem | UBT - Ferizaj | UBT - Ferizaj | Koleksioni i përgjithshem | 05/27/2014 | 572 APP | 003000445 | 05/27/2014 | Books | ||||||
| Koleksioni i përgjithshem | UBT - Ferizaj | UBT - Ferizaj | Koleksioni i përgjithshem | 05/27/2014 | 572 APP | 003000446 | 05/27/2014 | Books | ||||||
| Koleksioni i përgjithshem | UBT - Ferizaj | UBT - Ferizaj | Koleksioni i përgjithshem | 05/27/2014 | 572 APP | 003000447 | 05/27/2014 | Books | ||||||
| Koleksioni i përgjithshem | UBT - Ferizaj | UBT - Ferizaj | Koleksioni i përgjithshem | 05/27/2014 | 572 APP | 003000448 | 05/27/2014 | Books | ||||||
| Koleksioni i përgjithshem | UBT - Ferizaj | UBT - Ferizaj | Koleksioni i përgjithshem | 05/27/2014 | 572 APP | 003000449 | 05/27/2014 | Books | ||||||
| Koleksioni i përgjithshem | UBT - Ferizaj | UBT - Ferizaj | Koleksioni i përgjithshem | 05/27/2014 | 572 APP | 003000450 | 05/27/2014 | Books |